Processes for elections to the East African Legislative Assembly / (Record no. 215)

MARC details
000 -LEADER
fixed length control field 01091cam a2200325 a 4500
001 - CONTROL NUMBER
control field 14379605
003 - CONTROL NUMBER IDENTIFIER
control field OSt
005 - DATE AND TIME OF LATEST TRANSACTION
control field 20230605091028.0
008 - FIXED-LENGTH DATA ELEMENTS--GENERAL INFORMATION
fixed length control field 060517s2004 ke b 000 0 eng c
010 ## - LIBRARY OF CONGRESS CONTROL NUMBER
LC control number 2006305567
020 ## - INTERNATIONAL STANDARD BOOK NUMBER
International Standard Book Number 9966957758
035 ## - SYSTEM CONTROL NUMBER
System control number (CStRLIN)CUBGGLAD151864449-B
035 ## - SYSTEM CONTROL NUMBER
System control number (CU)GLAD151864449
040 ## - CATALOGING SOURCE
Original cataloging agency CSt
Transcribing agency STF
Modifying agency CUY
-- DLC
042 ## - AUTHENTICATION CODE
Authentication code pcc
-- lcode
043 ## - GEOGRAPHIC AREA CODE
Geographic area code fe-----
082 ## - DEWEY DECIMAL CLASSIFICATION NUMBER
Classification number 324.676
Item number ANG
245 00 - TITLE STATEMENT
Title Processes for elections to the East African Legislative Assembly /
Statement of responsibility, etc. edited by Francis Ang'ila.
246 30 - VARYING FORM OF TITLE
Title proper/short title East African Legislative Assembly
246 17 - VARYING FORM OF TITLE
Title proper/short title Processes for elections to the EALA
260 ## - PUBLICATION, DISTRIBUTION, ETC. (IMPRINT)
Place of publication, distribution, etc. Nairobi, Kenya :
Name of publisher, distributor, etc. Friedrich Ebert Stiftung (FES),
Date of publication, distribution, etc. c2004.
300 ## - PHYSICAL DESCRIPTION
Extent v, 15 p. ;
Dimensions 21 cm.
504 ## - BIBLIOGRAPHY, ETC. NOTE
Bibliography, etc Includes bibliographical references (p. 15).
610 20 - SUBJECT ADDED ENTRY--CORPORATE NAME
Corporate name or jurisdiction name as entry element East African Legislative Assembly
General subdivision Elections.
700 1# - ADDED ENTRY--PERSONAL NAME
Personal name Ang'ila, Francis.
710 2# - ADDED ENTRY--CORPORATE NAME
Corporate name or jurisdiction name as entry element Friedrich-Ebert-Stiftung.
906 ## - LOCAL DATA ELEMENT F, LDF (RLIN)
a 7
b cbc
c pccadap
d 3
e ncip
f 20
g y-gencatlg
942 ## - ADDED ENTRY ELEMENTS (KOHA)
Source of classification or shelving scheme Dewey Decimal Classification
Koha item type Books
Holdings
Withdrawn status Lost status Source of classification or shelving scheme Damaged status Not for loan Home library Current library Date acquired Total Checkouts Full call number Barcode Date last seen Price effective from Koha item type
    Dewey Decimal Classification     Bunge Tower Library Bunge Tower Library 06/05/2023   324.676 ANG 10014150 06/05/2023 06/05/2023 Books
LIBRARY OPENING HOURS

When the Parliament is sitting: 8.00a.m - 7.00p.m or until the house adjourns
Mondays and Fridays and when the House is on Recess:  8.00a.m - 5.00p.m
Closed on Weekends and Public Holidays

Online Public Access Catalog (OPAC)
Website: http://www.parliament.go.ke
Bunge Library: https://libraryir.parliament.go.ke
Contact: library@parliament.go.ke | Tel no: (254-2)2221291 or 2848000 Ext 5043